[Event "Hessen Senioren-ch 2012  8th"]
[Site "Bad Sooden-Adf. (14.4.-22.4)"]
[Date "2012.04.16"]
[Round "3.14"]
[White "Heimberg, Guenter"]
[Black "Raedeker, Bernd"]
[Result "0-1"]
[WhiteElo "1658"]
[BlackElo "2059"]
[PlyCount "42"]
[EventDate "2012.04.??"]
[EventType "swiss"]
[EventRounds "9"]
[EventCountry "GER"]
[WhiteTeam "Wennigsen SK"]
[BlackTeam "Stuttgarter SF"]

1. c4 e5 2. Nc3 Nc6 3. d3 g6 4. e4 Bg7 5. Nge2 d6 6. g3 Bg4 7. Bg2 Qd7 8. O-O
h5 9. f3 Bh3 10. Nd5 Bxg2 11. Kxg2 h4 12. Rh1 O-O-O 13. Be3 Nd4 14. Bf2 hxg3
15. hxg3 Rxh1 16. Ng1 Rh7 17. Bxd4 exd4 18. Nf4 Ne7 19. g4 Rdh8 20. Nfh3 f5 21.
Qe2 fxg4 0-1

[Event "Hessen Senioren-ch 2012  8th"]
[Site "Bad Sooden-Adf. (14.4.-22.4)"]
[Date "2012.04.16"]
[Round "3.15"]
[White "Szenetra, Werner"]
[Black "Grasmeyer, Klaus-Peter"]
[Result "1-0"]
[WhiteElo "2088"]
[BlackElo "1693"]
[PlyCount "65"]
[EventDate "2012.04.??"]
[EventType "swiss"]
[EventRounds "9"]
[EventCountry "GER"]
[WhiteTeam "Rastatt SC"]
[BlackTeam "Villingen SK"]

1. Nf3 Nf6 2. d3 g6 3. g3 Bg7 4. Bg2 d5 5. O-O O-O 6. Nbd2 Nbd7 7. e4 dxe4 8.
dxe4 e5 9. Qe2 b6 10. b3 Bb7 11. Ba3 Re8 12. Rad1 c5 13. h4 Qc7 14. Bb2 Rad8
15. Ng5 Nb8 16. Nc4 Ba6 17. Rfe1 Rxd1 18. Rxd1 Rd8 19. Bxe5 Rxd1+ 20. Qxd1 Qd7
21. Qd6 Qxd6 22. Bxd6 Nbd7 23. e5 Ne8 24. f4 Bxc4 25. bxc4 Nxd6 26. exd6 Kf8
27. Nxh7+ Ke8 28. Ng5 Nf6 29. Bc6+ Kf8 30. Kg2 Bh6 31. Kf3 Bg7 32. Ba4 Bh8 33.
d7 1-0

[Event "Hessen Senioren-ch 2012  8th"]
[Site "Bad Sooden-Adf. (14.4.-22.4)"]
[Date "2012.04.16"]
[Round "3.16"]
[White "Lichtenberg, Friedrich"]
[Black "Franck, Rudolf"]
[Result "0-1"]
[WhiteElo "1605"]
[BlackElo "2064"]
[PlyCount "46"]
[EventDate "2012.04.??"]
[EventType "swiss"]
[EventRounds "9"]
[EventCountry "GER"]
[WhiteTeam "Hennef 1927 SV"]
[BlackTeam "Ellwangen SC"]

1. Nf3 Nf6 2. b3 g6 3. Bb2 Bg7 4. g3 d6 5. Bg2 c5 6. c4 Nc6 7. O-O e5 8. Nc3
O-O 9. d3 h6 10. h3 Kh7 11. Rb1 Be6 12. Kh2 Qd7 13. Ng1 Nh5 14. e3 f5 15. f4
Rae8 16. Qd2 g5 17. Bd5 Ne7 18. Bxe6 Qxe6 19. Nce2 d5 20. Nf3 exf4 21. exf4 Ng6
22. Rfe1 Bxb2 23. Qxb2 d4 0-1

[Event "Hessen Senioren-ch 2012  8th"]
[Site "Bad Sooden-Adf. (14.4.-22.4)"]
[Date "2012.04.16"]
[Round "3.17"]
[White "Meyer, Walter(34)"]
[Black "Krebs, Dietmar(44)"]
[Result "0-1"]
[WhiteElo "1591"]
[BlackElo "1950"]
[PlyCount "70"]
[EventDate "2012.04.??"]
[EventType "swiss"]
[EventRounds "9"]
[EventCountry "GER"]
[WhiteTeam "Hennef 1927 SV"]
[BlackTeam "Kölner Dr. Lasker SK"]

1. c4 c5 2. g3 Nc6 3. Bg2 g6 4. Nc3 Bg7 5. Nf3 e6 6. O-O Nge7 7. d3 O-O 8. a3
a6 9. Rb1 Rb8 10. Bf4 e5 11. Bg5 f6 12. Bd2 b5 13. cxb5 axb5 14. Ne1 d5 15. b4
cxb4 16. axb4 Be6 17. f4 Qd7 18. Nf3 Kh8 19. e3 Bh3 20. Qe2 Bxg2 21. Qxg2 Qd6
22. Ne2 e4 23. dxe4 dxe4 24. Nfd4 f5 25. Nxc6 Nxc6 26. Rfd1 Qd3 27. Qf2 Rfd8
28. Qe1 Rbc8 29. Kg2 Ne7 30. Rbc1 Nd5 31. Bc3 Qxe3 32. Kf1 Nxc3 33. Rxd8+ Rxd8
34. Nxc3 Qf3+ 35. Kg1 Bd4+ 0-1

[Event "Hessen Senioren-ch 2012  8th"]
[Site "Bad Sooden-Adf. (14.4.-22.4)"]
[Date "2012.04.16"]
[Round "3.18"]
[White "Niebling, Ferdinand"]
[Black "Kluever, Horst"]
[Result "1/2-1/2"]
[WhiteElo "1998"]
[BlackElo "1672"]
[PlyCount "66"]
[EventDate "2012.04.??"]
[EventType "swiss"]
[EventRounds "9"]
[EventCountry "GER"]
[WhiteTeam "Frankfurt-West SC"]
[BlackTeam "Itzehoer SV"]

1. d4 d5 2. c4 e6 3. Nc3 c6 4. e3 Nf6 5. Nf3 Bd6 6. Qc2 h6 7. Bd3 Nbd7 8. O-O
O-O 9. b3 e5 10. cxd5 cxd5 11. dxe5 Nxe5 12. Nxe5 Bxe5 13. f4 Bc7 14. Nb5 Bb6
15. Nd4 Qe7 16. Bd2 Ne4 17. Bxe4 Qxe4 18. Qxe4 dxe4 19. Bc3 Bd7 20. Rfd1 Rac8
21. Bb4 Rfe8 22. h3 f5 23. Rd2 g6 24. Rad1 a5 25. Bd6 Rc3 26. Kf2 Rec8 27. Be5
Kf7 28. Re1 Bxd4 29. Bxd4 Rc2 30. Rxc2 Rxc2+ 31. Re2 Rxe2+ 32. Kxe2 Bb5+ 33.
Ke1 a4 1/2-1/2

[Event "Hessen Senioren-ch 2012  8th"]
[Site "Bad Sooden-Adf. (14.4.-22.4)"]
[Date "2012.04.16"]
[Round "3.19"]
[White "Lenk, Wolfgang"]
[Black "Tomas, Johann"]
[Result "1-0"]
[WhiteElo "2022"]
[BlackElo "1567"]
[PlyCount "74"]
[EventDate "2012.04.??"]
[EventType "swiss"]
[EventRounds "9"]
[EventCountry "GER"]
[WhiteTeam "Dresden TU USV"]
[BlackTeam "Bad Sooden-Allendorf SK"]

1. e4 e5 2. Nf3 d6 3. d4 exd4 4. Nxd4 Bd7 5. Bc4 c5 6. Nb5 Bxb5 7. Bxb5+ Nc6 8.
O-O Qb6 9. Nc3 Nf6 10. a4 O-O-O 11. Bg5 a6 12. Nd5 Qa7 13. Bxc6 bxc6 14. Nxf6
h6 15. Bh4 Be7 16. Nh5 Bxh4 17. Qg4+ Qd7 18. Qxh4 g5 19. Qh3 g4 20. Qd3 Kb7 21.
Ra3 Qe6 22. Qb3+ Qxb3 23. Rxb3+ Ka7 24. Rd1 c4 25. Rc3 d5 26. g3 Rhe8 27. exd5
cxd5 28. Nf4 Kb6 29. Rxd5 Rxd5 30. Nxd5+ Kc5 31. Ne3 Re4 32. b3 Kb4 33. Rxc4+
Rxc4 34. Nxc4 Kc3 35. Ne3 h5 36. Kf1 f5 37. Ke2 a5 1-0

[Event "Hessen Senioren-ch 2012  8th"]
[Site "Bad Sooden-Adf. (14.4.-22.4)"]
[Date "2012.04.16"]
[Round "3.20"]
[White "Thieme, Hans(08.33)"]
[Black "Schiller, Hans(42)"]
[Result "1-0"]
[WhiteElo "1959"]
[BlackElo "1611"]
[PlyCount "65"]
[EventDate "2012.04.??"]
[EventType "swiss"]
[EventRounds "9"]
[EventCountry "GER"]
[WhiteTeam "Oberursel SV"]
[BlackTeam "Bad Lausick Sfr."]

1. e4 c5 2. Nf3 d6 3. Bb5+ Bd7 4. Bxd7+ Qxd7 5. O-O Nc6 6. c3 Nf6 7. d4 cxd4 8.
cxd4 Nxe4 9. d5 Nd8 10. Re1 Nc5 11. b4 Na4 12. Be3 e5 13. dxe6 Nxe6 14. Nd4 d5
15. Qb3 Nb6 16. Nd2 Bd6 17. Nf5 O-O 18. Rad1 Bc7 19. Nf3 Rfe8 20. Bxb6 Bxb6 21.
Rxd5 Qc7 22. Qb2 f6 23. Qb3 Kh8 24. Nd6 Re7 25. Nb5 Qc6 26. a4 Nf4 27. Rxe7
Nxd5 28. Re1 Nf4 29. Rd1 Rc8 30. Nd6 Qc2 31. Nf7+ Kg8 32. Nh6+ Kh8 33. Qg8+ 1-0

[Event "Hessen Senioren-ch 2012  8th"]
[Site "Bad Sooden-Adf. (14.4.-22.4)"]
[Date "2012.04.16"]
[Round "3.21"]
[White "Brahn, Helmut"]
[Black "Niebuhr, Gerd"]
[Result "0-1"]
[WhiteElo "1591"]
[BlackElo "1954"]
[PlyCount "106"]
[EventDate "2012.04.??"]
[EventType "swiss"]
[EventRounds "9"]
[EventCountry "GER"]
[WhiteTeam "Burghaun SG"]
[BlackTeam "Wedemark Freibauer"]

1. c4 Nf6 2. d4 g6 3. Nc3 d5 4. cxd5 Nxd5 5. e4 Nxc3 6. bxc3 Bg7 7. Nf3 O-O 8.
h3 c5 9. Be3 Qa5 10. Qc2 Nc6 11. Rd1 Rd8 12. d5 Bxc3+ 13. Bd2 Bxd2+ 14. Qxd2 b6
15. Qxa5 Nxa5 16. Be2 Bb7 17. Nd2 e6 18. dxe6 fxe6 19. h4 Rd4 20. f3 Rad8 21.
h5 Ra4 22. hxg6 hxg6 23. Ra1 c4 24. Bd1 Rb4 25. Rb1 Rxb1 26. Nxb1 Bc6 27. Nc3
b5 28. Ne2 e5 29. Bc2 Kg7 30. Rh4 Rh8 31. Rxh8 Kxh8 32. g3 Kg7 33. f4 Kf6 34.
Kd2 Nb7 35. Ke3 Nc5 36. Ng1 a5 37. Nf3 Nd7 38. Nh2 b4 39. Ng4+ Ke6 40. f5+ gxf5
41. exf5+ Kd6 42. Nf2 a4 43. g4 b3 44. axb3 cxb3 45. Bd1 Nc5 46. g5 a3 47. g6
Ke7 48. g7 Bd5 49. Ng4 a2 50. f6+ Kf7 51. Nh6+ Kxf6 52. g8=Q Bxg8 53. Nxg8+ Kg7
0-1

[Event "Hessen Senioren-ch 2012  8th"]
[Site "Bad Sooden-Adf. (14.4.-22.4)"]
[Date "2012.04.16"]
[Round "3.22"]
[White "Haselhorst, Helmut"]
[Black "Hilbig, Klaus"]
[Result "1-0"]
[WhiteElo "1984"]
[BlackElo "1535"]
[PlyCount "75"]
[EventDate "2012.04.??"]
[EventType "swiss"]
[EventRounds "9"]
[EventCountry "GER"]
[WhiteTeam "Ost/Westbevern SK"]
[BlackTeam "Ahrensburger TSV"]

1. e4 e6 2. c4 d5 3. cxd5 exd5 4. Qb3 c6 5. d3 Nf6 6. Nc3 Na6 7. Nf3 Bb4 8. Bd2
dxe4 9. dxe4 O-O 10. O-O-O Qe7 11. e5 Ng4 12. Bxa6 h6 13. Be2 Nxf2 14. Kb1 Nxh1
15. Rxh1 Be6 16. Qd1 Rfd8 17. Qe1 a5 18. Ka1 Rd7 19. Bd1 Rad8 20. Bc2 Bc4 21.
Qc1 Bd3 22. Re1 Bxc2 23. Qxc2 Rd3 24. Ne4 Qe6 25. Bxb4 axb4 26. Nc5 b3 27. axb3
Ra8+ 28. Kb1 Qd5 29. Nxd3 Qa5 30. Qc3 Qa2+ 31. Kc2 Rc8 32. e6 fxe6 33. Rxe6 Kf7
34. Rd6 Rc7 35. Qe5 Re7 36. Qf5+ Ke8 37. Qc8+ Kf7 38. Nfe5+ 1-0

[Event "Hessen Senioren-ch 2012  8th"]
[Site "Bad Sooden-Adf. (14.4.-22.4)"]
[Date "2012.04.16"]
[Round "3.23"]
[White "Preiss, Gerhard"]
[Black "Biller, Helmut Dr"]
[Result "1/2-1/2"]
[WhiteElo "1586"]
[BlackElo "1975"]
[PlyCount "101"]
[EventDate "2012.04.??"]
[EventType "swiss"]
[EventRounds "9"]
[EventCountry "GER"]
[WhiteTeam "Steinhagen SK"]
[BlackTeam "Frankfurt 1921 Sfr."]

1. c4 e5 2. Nc3 d6 3. g3 g6 4. Bg2 Bg7 5. e3 Nf6 6. Nge2 O-O 7. O-O Nbd7 8. d4
c6 9. Rb1 a5 10. b3 Re8 11. Ba3 Nf8 12. dxe5 dxe5 13. Qxd8 Rxd8 14. Rfd1 Bf5
15. e4 Be6 16. Be7 Re8 17. Ba3 N8d7 18. Rd3 Bf8 19. Bxf8 Kxf8 20. Rbd1 Nc5 21.
Rd6 Nfd7 22. h3 Ke7 23. f3 Na6 24. Bf1 Ndc5 25. Nc1 Nb4 26. R6d2 Red8 27. a3
Nba6 28. Rxd8 Rxd8 29. Rxd8 Kxd8 30. h4 Nd7 31. Kf2 Nb6 32. a4 Nb4 33. Nd3
Nxd3+ 34. Bxd3 Nd7 35. Ne2 Nc5 36. Nc1 f5 37. Ke3 Ke7 38. Bc2 Kd6 39. Bd1 h6
40. Bc2 fxe4 41. fxe4 Bg4 42. Nd3 Nxd3 43. Kxd3 Kc5 44. Kc3 Bh5 45. Bd3 Bf3 46.
Bc2 Bg4 47. Bd3 Bd1 48. Bf1 g5 49. Bh3 gxh4 50. gxh4 b6 51. Bd7 1/2-1/2

[Event "Hessen Senioren-ch 2012  8th"]
[Site "Bad Sooden-Adf. (14.4.-22.4)"]
[Date "2012.04.16"]
[Round "3.24"]
[White "Preiss, Lore"]
[Black "Kopp, Peter Dr(46)"]
[Result "0-1"]
[WhiteElo "1524"]
[BlackElo "1955"]
[PlyCount "54"]
[EventDate "2012.04.??"]
[EventType "swiss"]
[EventRounds "9"]
[EventCountry "GER"]
[WhiteTeam "Steinhagen SK"]
[BlackTeam "Hofheim 1920 SV"]

1. d4 Nf6 2. Nf3 g6 3. c4 Bg7 4. Nc3 O-O 5. Bg5 d6 6. Bxf6 Bxf6 7. e3 Nd7 8.
Be2 e5 9. O-O Re8 10. Ne4 Bg7 11. dxe5 Nxe5 12. Nfd2 Bf5 13. Nc3 Qh4 14. Nf3
Nxf3+ 15. Bxf3 Qxc4 16. Bd5 Qb4 17. Qd2 c6 18. Bf3 d5 19. Rad1 Rad8 20. a3 Qh4
21. Ne2 Be4 22. Qb4 Qe7 23. Qxe7 Rxe7 24. Bxe4 Rxe4 25. Rd2 f5 26. b3 Bh6 27.
Rfd1 Rxe3 0-1

[Event "Hessen Senioren-ch 2012  8th"]
[Site "Bad Sooden-Adf. (14.4.-22.4)"]
[Date "2012.04.16"]
[Round "3.25"]
[White "Rychlik, Kurt"]
[Black "Van Vorselen, Theo"]
[Result "1-0"]
[WhiteElo "1942"]
[BlackElo "1551"]
[PlyCount "57"]
[EventDate "2012.04.??"]
[EventType "swiss"]
[EventRounds "9"]
[EventCountry "GER"]
[WhiteTeam "Berenbostel SV"]
[BlackTeam "NED/Den Haag DD"]
[BlackTeamCountry "NED"]

1. e4 c5 2. Nc3 e6 3. Nf3 Nc6 4. Be2 d5 5. exd5 exd5 6. d4 Be6 7. O-O Nf6 8.
Re1 Be7 9. h3 O-O 10. Bf1 h6 11. Be3 Ne4 12. Ne2 c4 13. c3 Bf6 14. Nf4 Ng5 15.
Nxg5 hxg5 16. Nxe6 fxe6 17. Qg4 Qe7 18. Bd2 Rae8 19. Re3 Qf7 20. Rf3 Qe7 21.
Re1 e5 22. Rfe3 Qf7 23. Qe2 Re7 24. dxe5 Bxe5 25. g3 d4 26. Re4 d3 27. Qe3 Bf6
28. Rxe7 Bxe7 29. Bg2 1-0

[Event "Hessen Senioren-ch 2012  8th"]
[Site "Bad Sooden-Adf. (14.4.-22.4)"]
[Date "2012.04.16"]
[Round "3.26"]
[White "Hoellger, Herbert"]
[Black "Briesemeister, Klaus"]
[Result "1/2-1/2"]
[WhiteElo "1841"]
[BlackElo "1553"]
[PlyCount "58"]
[EventDate "2012.04.??"]
[EventType "swiss"]
[EventRounds "9"]
[EventCountry "GER"]
[WhiteTeam "Bad Hersfeld SK"]
[BlackTeam "Lingen SV"]

1. d4 f5 2. Qd3 d6 3. g4 e6 4. gxf5 exf5 5. Nc3 Nc6 6. Nd5 Nce7 7. Bg2 c6 8.
Nf4 Nf6 9. Bd2 b5 10. Nfh3 h6 11. f4 g5 12. Nf2 d5 13. Qe3 Ne4 14. Nd3 Ng6 15.
O-O-O Bd6 16. Ne5 Nh4 17. Bxe4 fxe4 18. Qf2 h5 19. e3 Rg8 20. Ne2 Qf6 21. Ng3
Rh8 22. c4 Be6 23. Kb1 O-O-O 24. Ba5 Rdf8 25. Bc3 Bxe5 26. dxe5 Qf7 27. Ka1 Nf5
28. cxd5 cxd5 29. Nxf5 Qxf5 1/2-1/2

[Event "Hessen Senioren-ch 2012  8th"]
[Site "Bad Sooden-Adf. (14.4.-22.4)"]
[Date "2012.04.16"]
[Round "3.27"]
[White "Fuhlrott, Heinz"]
[Black "Nietsch, Horst"]
[Result "0-1"]
[WhiteElo "1501"]
[BlackElo "1831"]
[PlyCount "74"]
[EventDate "2012.04.??"]
[EventType "swiss"]
[EventRounds "9"]
[EventCountry "GER"]
[WhiteTeam "Winsen Fichte MTV"]
[BlackTeam "Berlin Weißensee 49 SG"]

1. d4 c5 2. c3 e6 3. Nf3 Nf6 4. Bg5 cxd4 5. Nxd4 d5 6. e3 Be7 7. Bd3 Nc6 8. Nd2
O-O 9. Rc1 Bd7 10. Bb1 Nxd4 11. exd4 h6 12. Bh4 Bb5 13. Qc2 g6 14. a4 Bc6 15.
Nf3 Ne4 16. Bxe7 Qxe7 17. Ne5 Be8 18. O-O Kg7 19. f3 Nd6 20. Rce1 b5 21. a5 Nc4
22. Nxc4 bxc4 23. Qe2 Qd6 24. Qe5+ Qxe5 25. Rxe5 Rb8 26. Rf2 Rb5 27. g4 Rxa5
28. Kg2 Bd7 29. g5 hxg5 30. Rxg5 Ra1 31. Bc2 Rb8 32. h4 Rxb2 33. h5 Raa2 34.
hxg6 Rxc2 35. gxf7+ Kxf7 36. Rxc2 Rxc2+ 37. Kg3 Rxc3 0-1

[Event "Hessen Senioren-ch 2012  8th"]
[Site "Bad Sooden-Adf. (14.4.-22.4)"]
[Date "2012.04.16"]
[Round "3.28"]
[White "Scholz, Werner(41)"]
[Black "Kluger, Hans-Peter"]
[Result "1-0"]
[WhiteElo "1552"]
[BlackElo "1746"]
[PlyCount "118"]
[EventDate "2012.04.??"]
[EventType "swiss"]
[EventRounds "9"]
[EventCountry "GER"]
[WhiteTeam "Eberswalde 1949 ESV"]
[BlackTeam "Fallersleben SF"]

1. d4 d5 2. Nf3 Nf6 3. e3 Bg4 4. c4 c6 5. Nc3 e6 6. Qb3 Qc7 7. Ne5 Bh5 8. cxd5
exd5 9. Bd3 Nbd7 10. f4 a6 11. Bd2 Be7 12. h3 Ne4 13. Nxe4 dxe4 14. Bxe4 Bh4+
15. Kf1 Bg3 16. h4 Nxe5 17. fxe5 Bg4 18. Bf3 Bxf3 19. gxf3 O-O-O 20. Bb4 Qd7
21. Qc2 Qd5 22. Kg2 Bxe5 23. Qf5+ Rd7 24. Qxe5 Qc4 25. Be1 Qe2+ 26. Bf2 f6 27.
Qf5 Re8 28. Rhe1 Qd2 29. Kf1 g6 30. Qb1 Qa5 31. b4 Qb5+ 32. Re2 Qh5 33. Kg2 Rg8
34. Qh1 g5 35. hxg5 Rxg5+ 36. Bg3 Qg6 37. Qh3 f5 38. Kf2 Rh5 39. Qg2 Rg7 40.
Rg1 Rg5 41. Qh3 Rh5 42. Qg2 Rg5 43. Ree1 Qe6 44. Qh3 Qxa2+ 45. Re2 Qf7 46. Qh4
f4 47. Qxf4 Qxf4 48. exf4 R5g6 49. Bh2 Kd7 50. Rxg6 Rxg6 51. Re5 Rh6 52. Bg3
Rf6 53. f5 Rf7 54. Bh4 Kd6 55. f6 Rf8 56. Ke3 b6 57. Kd3 a5 58. bxa5 b5 59. a6
b4 1-0

[Event "Hessen Senioren-ch 2012  8th"]
[Site "Bad Sooden-Adf. (14.4.-22.4)"]
[Date "2012.04.16"]
[Round "3.29"]
[White "Ripoll, Luis"]
[Black "Schwichtenberg, Juergen"]
[Result "1/2-1/2"]
[WhiteElo "1813"]
[BlackElo "1545"]
[PlyCount "46"]
[EventDate "2012.04.??"]
[EventType "swiss"]
[EventRounds "9"]
[EventCountry "GER"]
[WhiteTeam "Lister Turm SK"]
[BlackTeam "Hofheim 1920 SV"]

1. e4 d5 2. exd5 Nf6 3. d4 Nxd5 4. c4 Nf6 5. Nc3 Bg4 6. Be2 Bxe2 7. Ngxe2 e6 8.
O-O c6 9. h3 Be7 10. Be3 O-O 11. Qc2 Nbd7 12. Rad1 Qc8 13. Qb1 Nb6 14. b3 Nbd7
15. Ne4 Rd8 16. Nxf6+ Nxf6 17. Bg5 Nd5 18. Bxe7 Nxe7 19. Ng3 c5 20. dxc5 Qxc5
21. Rxd8+ Rxd8 22. Rd1 Qc7 23. Rxd8+ Qxd8 1/2-1/2

[Event "Hessen Senioren-ch 2012  8th"]
[Site "Bad Sooden-Adf. (14.4.-22.4)"]
[Date "2012.04.16"]
[Round "3.30"]
[White "Lueders, Guenther Dr"]
[Black "Ludwig, Siegfried"]
[Result "1-0"]
[WhiteElo "1712"]
[BlackElo "1412"]
[PlyCount "63"]
[EventDate "2012.04.??"]
[EventType "swiss"]
[EventRounds "9"]
[EventCountry "GER"]
[WhiteTeam "Benshausen TSV"]
[BlackTeam "Hemmingen GSV"]

1. d4 d5 2. Nf3 Nc6 3. Bf4 Nf6 4. h3 h6 5. e3 a6 6. Nbd2 e6 7. Be2 Be7 8. O-O
Bd6 9. Bxd6 Qxd6 10. a3 O-O 11. c4 e5 12. dxe5 Nxe5 13. Qc2 c6 14. Rfd1 Be6 15.
c5 Nxf3+ 16. Nxf3 Qe7 17. b4 Ne4 18. Bd3 Bf5 19. Nd4 Bg6 20. Re1 f5 21. f3 Ng3
22. Qf2 Nh5 23. g4 Nf6 24. Bxf5 Bxf5 25. Nxf5 Qe6 26. Qg3 Rad8 27. Rad1 Kh7 28.
Nd4 Qf7 29. Qf4 Rde8 30. Nf5 Nh5 31. Qd4 Qg6 32. Kh1 1-0

[Event "Hessen Senioren-ch 2012  8th"]
[Site "Bad Sooden-Adf. (14.4.-22.4)"]
[Date "2012.04.16"]
[Round "3.31"]
[White "Piankov, Evgenij"]
[Black "Scholze, Roland"]
[Result "1-0"]
[WhiteElo "2271"]
[BlackElo "1630"]
[PlyCount "49"]
[EventDate "2012.04.??"]
[EventType "swiss"]
[EventRounds "9"]
[EventCountry "GER"]
[WhiteTeam "UKR (Ukraine)"]
[BlackTeam "Dresden Lok SV"]
[WhiteTeamCountry "UKR"]

1. d4 Nf6 2. Nf3 d6 3. Bg5 Nbd7 4. Nbd2 g6 5. e4 Bg7 6. Bc4 O-O 7. e5 dxe5 8.
dxe5 Ng4 9. e6 Nde5 10. exf7+ Kh8 11. h3 Nxf3+ 12. Nxf3 Nf6 13. Qxd8 Rxd8 14.
O-O h6 15. Bf4 c6 16. Rfe1 Bf8 17. Bc7 Rd7 18. Be5 Kh7 19. Bxf6 exf6 20. Re8
Kg7 21. Rae1 b5 22. Be6 Rc7 23. Bb3 Bb7 24. Nd4 Rxe8 25. fxe8=Q 1-0

[Event "Hessen Senioren-ch 2012  8th"]
[Site "Bad Sooden-Adf. (14.4.-22.4)"]
[Date "2012.04.16"]
[Round "3.32"]
[White "Von Janta, Lothar"]
[Black "Schumacher, Gottfried"]
[Result "0-1"]
[WhiteElo "1656"]
[BlackElo "2080"]
[PlyCount "62"]
[EventDate "2012.04.??"]
[EventType "swiss"]
[EventRounds "9"]
[EventCountry "GER"]
[WhiteTeam "Berenbostel SV"]
[BlackTeam "Bad Neuenahr SC"]

1. c4 Nf6 2. Nc3 d5 3. cxd5 Nxd5 4. g3 g6 5. Bg2 Nxc3 6. bxc3 Bg7 7. e3 O-O 8.
Ne2 Qd3 9. Nf4 Qa6 10. Qe2 e5 11. Qxa6 Nxa6 12. Nd5 Re8 13. Ba3 c5 14. c4 Bf5
15. Ke2 Rad8 16. e4 Bd7 17. Rab1 b6 18. d3 Nb8 19. Bc1 f6 20. f4 Nc6 21. Be3 f5
22. fxe5 fxe4 23. Bxe4 Nxe5 24. h3 Bc6 25. Rbc1 Nxc4 26. Rxc4 Bxd5 27. Bxd5+
Rxd5 28. Re4 Red8 29. Rd1 R8d7 30. Rd2 Bc3 31. Rd1 b5 0-1

[Event "Hessen Senioren-ch 2012  8th"]
[Site "Bad Sooden-Adf. (14.4.-22.4)"]
[Date "2012.04.16"]
[Round "3.33"]
[White "Van Geffen, Ben"]
[Black "Willms, Willi"]
[Result "1-0"]
[WhiteElo "1907"]
[BlackElo "1695"]
[PlyCount "43"]
[EventDate "2012.04.??"]
[EventType "swiss"]
[EventRounds "9"]
[EventCountry "GER"]
[WhiteTeam "NED/Messemaker"]
[BlackTeam "Rheydter SV"]
[WhiteTeamCountry "NED"]

1. e4 c5 2. Nf3 d6 3. d4 cxd4 4. Nxd4 Nf6 5. Nc3 a6 6. Bg5 Nbd7 7. f4 Qc7 8.
Qf3 b5 9. O-O-O Bb7 10. Bd3 Nc5 11. Bxf6 Nxd3+ 12. Qxd3 gxf6 13. Nd5 Bxd5 14.
exd5 O-O-O 15. a4 Qc4 16. axb5 axb5 17. Nxb5 Qxf4+ 18. Kb1 Rd7 19. Qc3+ Kb8 20.
Qc6 Qf5 21. Rhf1 Qg4 22. h3 1-0

[Event "Hessen Senioren-ch 2012  8th"]
[Site "Bad Sooden-Adf. (14.4.-22.4)"]
[Date "2012.04.16"]
[Round "3.34"]
[White "Pape, Manfred(43)"]
[Black "Brandt, Fred(36)"]
[Result "1-0"]
[WhiteElo "2098"]
[BlackElo "1687"]
[PlyCount "141"]
[EventDate "2012.04.??"]
[EventType "swiss"]
[EventRounds "9"]
[EventCountry "GER"]
[WhiteTeam "Bad Harzburg SK"]
[BlackTeam "Berlin Königsjäger SW SV"]

1. d4 Nf6 2. Nc3 d5 3. Bg5 e6 4. e4 dxe4 5. Nxe4 Be7 6. Bxf6 Bxf6 7. Nf3 O-O 8.
c3 b6 9. Bd3 Nd7 10. Qe2 Bb7 11. Rd1 g6 12. h4 h6 13. Bc2 Bg7 14. h5 f5 15. Ng3
Qf6 16. hxg6 Qxg6 17. Nh4 Qf7 18. Nh5 Rae8 19. Rh3 Nf6 20. Nxg7 Kxg7 21. Rg3+
Kh7 22. Ng6 Rg8 23. Ne5 Qh5 24. Qxh5 Nxh5 25. Rxg8 Rxg8 26. g4 Nf4 27. gxf5
exf5 28. Bxf5+ Kg7 29. Kd2 Kf6 30. Ng4+ Kg5 31. Ne3 Kf6 32. Ng4+ Kg5 33. Rg1
Re8 34. Ne3+ Kf6 35. Rg4 Nh3 36. Rg6+ Kf7 37. Rxh6 Nxf2 38. Bg6+ Kg7 39. Nf5+
Kf6 40. Bxe8+ Kxf5 41. Rh7 Ne4+ 42. Ke3 Nf6 43. Rh8 Ke6 44. Bh5 a5 45. Bf3 Ba6
46. b3 Bb5 47. c4 Bd7 48. Rh6 Kf7 49. Kf4 Kg7 50. Rh2 Kf7 51. Re2 Be6 52. d5
Bd7 53. Re5 Bc8 54. Bh5+ Kf8 55. Kg5 Nxh5 56. Kxh5 Kf7 57. Kg5 Bd7 58. Re2 Bc8
59. Rh2 Ke7 60. Rh6 Bd7 61. Kf4 Bc8 62. Ke5 Bd7 63. Rh7+ Kd8 64. d6 Kc8 65. Rg7
c6 66. Rh7 c5 67. Rg7 Bh3 68. Rc7+ Kb8 69. Rh7 Bg4 70. Kf6 Kc8 71. Ke7 1-0

[Event "Hessen Senioren-ch 2012  8th"]
[Site "Bad Sooden-Adf. (14.4.-22.4)"]
[Date "2012.04.16"]
[Round "3.35"]
[White "Papenbrock, Volker"]
[Black "Husser, Oskar"]
[Result "1-0"]
[WhiteElo "2030"]
[BlackElo "1649"]
[PlyCount "44"]
[EventDate "2012.04.??"]
[EventType "swiss"]
[EventRounds "9"]
[EventCountry "GER"]
[WhiteTeam "Hamburg Eimsbuettel SK"]
[BlackTeam "Falkensee Caissa SC"]

1. d4 Nf6 2. Nf3 g6 3. Bf4 Bg7 4. e3 O-O 5. h3 d6 6. Bc4 Nbd7 7. O-O c5 8. c3
Re8 9. Qb3 Rf8 10. Nbd2 Nb6 11. dxc5 dxc5 12. Rad1 Nxc4 13. Nxc4 Qe8 14. Nce5
b6 15. Rfe1 Be6 16. Qc2 h6 17. b3 Qc8 18. c4 Qb7 19. Nd2 Rad8 20. f3 Nd7 21.
Ng4 g5 22. Bg3 Bf5 1-0

[Event "Hessen Senioren-ch 2012  8th"]
[Site "Bad Sooden-Adf. (14.4.-22.4)"]
[Date "2012.04.16"]
[Round "3.36"]
[White "Micheel, Peter"]
[Black "Zunker, Reinhard Dr"]
[Result "0-1"]
[WhiteElo "1697"]
[BlackElo "2030"]
[PlyCount "56"]
[EventDate "2012.04.??"]
[EventType "swiss"]
[EventRounds "9"]
[EventCountry "GER"]
[WhiteTeam "Graal-Müritz SSC"]
[BlackTeam "Hofheim 1920 SV"]

1. e4 d6 2. d4 g6 3. Nf3 Bg7 4. Nc3 a6 5. Be3 b5 6. a3 Bb7 7. Bd3 Nd7 8. O-O
Ngf6 9. d5 O-O 10. Nd4 Nc5 11. f4 Qd7 12. f5 Nxd3 13. cxd3 c5 14. dxc6 Bxc6 15.
Nxc6 Qxc6 16. Rc1 Qb7 17. Bd4 Rac8 18. g4 b4 19. Qb3 Nxg4 20. Bxg7 Kxg7 21.
Qxb4 Qa7+ 22. d4 Rb8 23. Qa4 Rxb2 24. h3 Nf6 25. Rf2 Rxf2 26. Kxf2 e5 27. Kf3
exd4 28. Nb5 Qe7 0-1

[Event "Hessen Senioren-ch 2012  8th"]
[Site "Bad Sooden-Adf. (14.4.-22.4)"]
[Date "2012.04.16"]
[Round "3.37"]
[White "Richter, Hildegard"]
[Black "Arp, Frans"]
[Result "0-1"]
[WhiteElo "1673"]
[BlackElo "1833"]
[PlyCount "54"]
[EventDate "2012.04.??"]
[EventType "swiss"]
[EventRounds "9"]
[EventCountry "GER"]
[WhiteTeam "Zwickau West Empor SV"]
[BlackTeam "NED/Haarlem"]
[BlackTeamCountry "NED"]

1. d4 Nf6 2. Nf3 g6 3. Bg5 Ne4 4. Bf4 Bg7 5. e3 O-O 6. c4 c5 7. Qc2 Qa5+ 8. Nc3
Nxc3 9. Qxc3 Qxc3+ 10. bxc3 Nc6 11. Rb1 e6 12. Be2 e5 13. Bg3 b6 14. O-O f5 15.
d5 Na5 16. Rfc1 h6 17. h3 f4 18. exf4 exf4 19. Bh2 Ba6 20. Nd2 Rae8 21. Bd3 g5
22. g3 Be5 23. Rc2 Bc8 24. g4 Ba6 25. f3 Bg7 26. Kf2 Re3 27. Bf5 Bxc4 0-1